Connections in steel structures:behaviour, strenght and design : Proceedings of an international workshop./Cachan, France, 25.-27.5.1987

Salvato in:
Dettagli Bibliografici
Natura: Libro
Lingua:inglese
Pubblicazione: London : Elsevier, 1988
Tags: Aggiungi Tag
Nessun Tag, puoi essere il primo ad aggiungerne!!

MARC

LEADER 00000nam a22000003a 4500
001 stu28310
005 20150408181203.7
008 950306s1988----uk------------------eng-d
020 |a 1-85166-177-8 
040 |a STU  |b slo 
041 0 |a eng 
044 |a uk 
080 |a 624.1'821 
080 |a 672.5'2042 
245 |a Connections in steel structures:behaviour, strenght and design :  |b Proceedings of an international workshop./Cachan, France, 25.-27.5.1987 
260 |a London :  |b Elsevier,  |c 1988 
300 |a 396 s 
500 |a xerox 
996 |b 284V016850  |c V*43290/O-18702  |l VVT  |s A  |a 24  |w stu28310_0001 
996 |b 284V027387  |c V*43291/O-18702a  |l VVT  |s A  |a 24  |w stu28310_0003